Una canción en línea de fuego (Registro nro. 12526)

Detalles MARC
000 - LÍDER
campo de control de longitud fija 00791nam a2200253 i 4500
003 - IDENTIFICADOR DE NÚMERO DE CONTROL
campo de control OSt
005 - FECHA Y HORA DE LA ÚLTIMA TRANSACCIÓN
campo de control 20210818181806.0
008 - ELEMENTOS DE DATOS DE LONGITUD FIJA - INFORMACIÓN GENERAL
campo de control de longitud fija 930722r19951993ck a jr 00011 spa d
020 ## - INTERNATIONAL STANDARD BOOK NUMBER
International Standard Book Number 9582401184
040 ## - FUENTE DE CATALOGACIÓN
Lenguaje de catalogación spa
Agencia de catalogación original COMFC
Descripción convenciones rda
041 0# - CÓDIGO DE LENGUAJE
Código de idioma de texto / pista de sonido o título separado spa
082 04 - NÚMERO DE CLASIFICACIÓN DECIMAL DEWEY
Número de clasificación 863
Número de artículo F727c
100 1# - ENTRADA PRINCIPAL - NOMBRE PERSONAL
Nombre de la persona Fornaguera de Roda, María,
Fechas asociadas a un nombre 1927-
Término del Relator aut
245 14 - TÍTULO DECLARACIÓN
Título Una canción en línea de fuego
Declaración de responsabilidad Maria Fornaguera ; ilustraciones Marcos Roda
264 01 - AVISO DE PRODUCCIÓN, PUBLICACIÓN, DISTRIBUCIÓN, FABRICACIÓN Y DERECHOS DE AUTOR
Lugar de producción Bogotá
Nombre del productor Alfaguara
-- Santillana
Fecha de producción 1993
300 ## - DESCRIPCIÓN FÍSICA
Alcance 223 páginas
Otros datos físicos ilustraciones
Dimensiones 20 cm.
336 ## - TIPO DE CONTENIDO
Fuente rdacontent
Tipo de contenido txt
337 ## - TIPO DE MEDIO
Fuente rdamedia
Término del tipo de medio n
338 ## - TIPO DE PORTADOR
Fuente rdacarrier
Término del tipo de operador nc
490 ## - DECLARACIÓN EN SERIE
Estado de cuenta de la serie Juvenil Alfaguara
650 #6 - ENTRADA DE SUJETO AÑADIDO - TÉRMINO TÓPICO
Término tópico o elemento de entrada del nombre geográfico Novela juvenil colombiana.
700 1# - ENTRADA AGREGADA - NOMBRE PERSONAL
Nombre de la persona Roda, Marcos,
Término del Relator ill
942 ## - ELEMENTOS DE ENTRADA AGREGADOS (KOHA)
Fuente de clasificación o esquema de estanterías Dewey Decimal Classification
Parte de clasificación 863 F727c
Prefijo del número de llamada 863
Sufijo del número de llamada F727c
Existencias
Estado de retirada Pérdida de estatus Fuente de clasificación o esquema de estanterías Estado dañado No para préstamo Código de recogida Ubicación permanente Ubicación actual Ubicación de las estanterías Fecha de adquisición Total de Cajas Número Topográfico Código de barras Precio efectivo desde Número de copia Fecha de la última vez que se vio Tipo de artículo Koha Nota pública
    Dewey Decimal Classification     General Biblioteca Pública Departamental Comfamiliar Risaralda Biblioteca Pública Departamental Comfamiliar Risaralda Área General 04/11/2017   863 F727c 1001722 18/08/2021 Ej. 1 14/12/2018 Libro Novela Infantil y Juvenil
    Dewey Decimal Classification     General Biblioteca Pública Departamental Comfamiliar Risaralda Biblioteca Pública Departamental Comfamiliar Risaralda Área General 27/02/2018   863 F727c 1002214 18/08/2021 Ej. 2 14/12/2018 Libro Novela Infantil y Juvenil